ARRUPE JESUIT UNIVERSITY

CORONAVIRUS -STOP THE SPREAD - CLEAN,DISINFECT,COVER

The Catholic Charismatics : (Record no. 118463)

MARC details
000 -LEADER
fixed length control field 00906cam a2200265 a 4500
001 - CONTROL NUMBER
control field 4698081
003 - CONTROL NUMBER IDENTIFIER
control field ARRUPE
005 - DATE AND TIME OF LATEST TRANSACTION
control field 20131024172522.0
008 - FIXED-LENGTH DATA ELEMENTS--GENERAL INFORMATION
fixed length control field 821216s1983 pau b s001 0 eng
010 ## - LIBRARY OF CONGRESS CONTROL NUMBER
LC control number 82042782
020 ## - INTERNATIONAL STANDARD BOOK NUMBER
International Standard Book Number 0271003405
040 ## - CATALOGING SOURCE
Original cataloging agency DLC
Transcribing agency DLC
Modifying agency DLC
050 00 - LIBRARY OF CONGRESS CALL NUMBER
Classification number BX2350.57
Item number .B67 1983
300 ## - PHYSICAL DESCRIPTION
Dimensions 24 cm.
100 1# - MAIN ENTRY--PERSONAL NAME
Personal name Bord, Richard J.,
Dates associated with a name 1937-
9 (RLIN) 3010
245 14 - TITLE STATEMENT
Title The Catholic Charismatics :
Remainder of title the anatomy of a modern religious movement /
Statement of responsibility, etc Richard J. Bord and Joseph E. Faulkner.
260 ## - PUBLICATION, DISTRIBUTION, ETC. (IMPRINT)
Place of publication, distribution, etc University Park :
Name of publisher, distributor, etc Pennsylvania State University Press,
Date of publication, distribution, etc c1983.
300 ## - PHYSICAL DESCRIPTION
Extent x, 162 p. ;
500 ## - GENERAL NOTE
General note Includes index.
504 ## - BIBLIOGRAPHY, ETC. NOTE
Bibliography, etc Bibliography: p. [153]-159.
610 20 - SUBJECT ADDED ENTRY--CORPORATE NAME
Corporate name or jurisdiction name as entry element Catholic Church
General subdivision Doctrines.
9 (RLIN) 3011
650 #0 - SUBJECT ADDED ENTRY--TOPICAL TERM
Topical term or geographic name as entry element Pentecostalism
General subdivision Catholic Church.
9 (RLIN) 3012
700 1# - ADDED ENTRY--PERSONAL NAME
Personal name Faulkner, Joseph E.
9 (RLIN) 3013
906 ## - LOCAL DATA ELEMENT F, LDF (RLIN)
a 7
b cbc
c orignew
d 1
e ocip
f 19
g y-gencatlg
942 ## - ADDED ENTRY ELEMENTS (KOHA)
Source of classification or shelving scheme Library of Congress Classification
Koha item type Monograph ( Printed materials)
Holdings
Withdrawn status Lost status Source of classification or shelving scheme Damaged status Not for loan Home library Current library Shelving location Date acquired Total Checkouts Full call number Barcode Date last seen Price effective from Koha item type
    Library of Congress Classification     ARRUPE LIBRARY ARRUPE LIBRARY Main Collection 24/10/2013   BX2350.57 .B67 1983 46410514 22/11/2017 24/10/2013 Monograph ( Printed materials)

 

Arrupe Library. PO Box MP320 Mt Pleasant, Harare, Zimbabwe
263 242 745411|librarian@aju.ac.zw